000 01314cam a2200289 4500
001 ##L135077
008 060922n2006 000 0 eng u
035 _a(Sirsi) u135077
041 0 _aeng
050 0 4 _a306.1 $2 18
100 1 _aBattye, F.
245 0 0 _aEvaluation of key worker living
_bfinal report
260 _aLondon
_bDCLG
_c2006
520 _aEvaluates the performance of the key worker living programme established by DCLG in March 2004. The programme sought to address the problems of recruitment and retention of key workers in areas of high cost housing by providing them with loans towards the purchase of a property or shared ownership housing options. Examines the effectiveness of the scheme and makes recommendations for improvements.
590 _aIKA031006, KA
650 2 4 _aAffordable housing
_96215
651 4 _aEngland
_y886-
690 _aPROPERTY-RESIDENTIAL PROPERTY-ACQUISITION AND DISPOSAL OF RESIDENTIAL PROPERTY
700 1 _aBishop, B.
700 1 _aHarris, P.
700 1 _aMurie, A.
700 1 _aRowlands, R.
700 1 _aTice, A.
710 1 _aUnited Kingdom
_bDepartment for Communities and Local Government
_94939
856 4 0 _uhttps://www.communities.gov.uk/index.asp?id=1503097
_zView the item free of charge at www.communities.gov.uk...
942 _n0
999 _c105906
_d105906